000 01311cam a2200373 4500
008 040317n1999 000 0 eng u
020 _a0419233105
035 _a(Sirsi) u159234
041 _aeng
050 _a692.5
_c18
100 _aBarnsley, Derek
245 _aSpon's building costs guide for educational premises
250 _a2nd ed.
260 _aLondon
_bSPON
_c1999
300 _axvii, 280p.
_c22 x 31cm.
350 _a42.50
505 _aCost indices and indicators
505 _aPlanning the cost of educational premises
505 _aThe school village: cost and use of activity areas
505 _aManagement of educational premises
505 _aUnit rates for measured work
505 _aThe administration of building projects
520 _aThe latest edition of this essential reference book for planning, building, remodelling, repairing, maintaining and managing a wide range of modern and historic educational buildings.
650 _aEDUCATIONAL BUILDINGS
650 _aSCHOOLS
650 _aSCHOOL BUILDINGS
650 _aUNIVERSITY BUILDINGS
650 _aCOLLEGE BUILDINGS
650 _aBUILDING PRICE BOOKS
650 _aBUILT ENVIRONMENT-BUILDING COSTS
651 4 _aENGLAND AND WALES
690 _aBUILT ENVIRONMENT-BUILDING COSTS
942 _n0
999 _c115755
_d115755